Plant a tree : (Record no. 14867)

000 -LEADER
fixed length control field 00815pam a2200265 a 4500
020 ## - INTERNATIONAL STANDARD BOOK NUMBER
ISBN 0471571040 (paper : acidfree paper) :
040 ## - CATALOGING SOURCE
Transcribing agency DLC
082 00 - DEWEY DECIMAL CLASSIFICATION NUMBER
Classification number 635 WIL 1992 A053 Or.
100 1# - MAIN ENTRY--AUTHOR NAME
Personal name Weiner, Michael A.
245 10 - TITLE STATEMENT
Title Plant a tree :
Remainder of title choosing, planting, and maintaining this precious resource /
250 ## - EDITION STATEMENT
Edition statement Rev. ed.
260 ## - PUBLICATION, DISTRIBUTION, ETC. (IMPRINT)
Place of publication New York :
Name of publisher Wiley,
Year of publication c1992.
300 ## - PHYSICAL DESCRIPTION
Number of Pages vi, 292 p. :
Other physical details ill., maps ;
Dimensions 28 cm.
500 ## - GENERAL NOTE
General note Includes index.
650 #0 - SUBJECT ADDED ENTRY--TOPICAL TERM
Topical Term Tree planting.
650 #0 - SUBJECT ADDED ENTRY--TOPICAL TERM
Topical Term Ornamental trees.
650 #0 - SUBJECT ADDED ENTRY--TOPICAL TERM
Topical Term Trees.
650 #0 - SUBJECT ADDED ENTRY--TOPICAL TERM
Topical Term Tree planting
650 #0 - SUBJECT ADDED ENTRY--TOPICAL TERM
Topical Term Ornamental trees
650 #0 - SUBJECT ADDED ENTRY--TOPICAL TERM
Topical Term Trees
700 1# - ADDED ENTRY--PERSONAL NAME
Personal name Weiner, Russell.
856 42 - ELECTRONIC LOCATION AND ACCESS
Uniform Resource Identifier http://www.loc.gov/catdir/description/wiley033/92006520.html
856 4# - ELECTRONIC LOCATION AND ACCESS
Uniform Resource Identifier http://www.loc.gov/catdir/toc/onix04/92006520.html
942 ## - ADDED ENTRY ELEMENTS (KOHA)
Koha item type សៀវភៅភាសាអង់គ្លេស
952 ## - LOCATION AND ITEM INFORMATION (KOHA)
Withdrawn status [LOCAL, KOHA] 0
952 ## - LOCATION AND ITEM INFORMATION (KOHA)
Withdrawn status [LOCAL, KOHA] 0
Holdings
Permanent Location Date acquired Koha item type Lost status Shelving location Barcode Current Location Full call number
Library Block A2017-10-31សៀវភៅភាសាអង់គ្លេស A053A21769Library Block A635 WIL 1992 A053 Or.
Library Block A2017-10-31សៀវភៅភាសាអង់គ្លេស A053A20208Library Block A635 WIL 1992 A053 Or.
មជ្ឈមណ្ឌលឯការនៃសាកលវិទ្យាល័យភូមិន្ទកសិកម្មចំការដូង

Powered by Koha